[Event "Asian Zonal 3.1 2013"]
[Site "Doha QAT"]
[Date "2013.05.08"]
[Round "5.1"]
[White "Golizadeh,A"]
[Black "Al Sayed,Mohamad"]
[Result "1-0"]
[WhiteElo "2485"]
[BlackElo "2502"]

1.e4 c5 2.Nf3 d6 3.Bb5+ Bd7 4.Bxd7+ Qxd7 5.O-O Nc6 6.Qe2 Nf6 7.Rd1 g5 8.c3 g4
9.Nh4 O-O-O 10.d4 cxd4 11.cxd4 d5 12.Nc3 Rg8 13.b4 e6 14.b5 Na5 15.exd5 Nxd5
16.Nxd5 Qxd5 17.Bf4 Ba3 18.Rd3 Bd6 19.Rc1+ Kb8 20.Rc5 Bxf4 21.Rxd5 Rxd5 22.Qe4 Bd6
23.Qxh7 Rc8 24.g3 Nc4 25.Qxf7 Rxb5 26.Qxe6 Rb1+ 27.Kg2  1-0

[Event "Geneva WGP 2013"]
[Site "Geneva SUI"]
[Date "2013.05.08"]
[Round "5.5"]
[White "Muzychuk,A"]
[Black "Hou Yifan"]
[Result "1-0"]
[WhiteElo "2585"]
[BlackElo "2617"]

1.e4 c5 2.Nf3 d6 3.Bb5+ Bd7 4.Bxd7+ Qxd7 5.c4 Nf6 6.Nc3 g6 7.d4 cxd4 8.Nxd4 Bg7
9.f3 O-O 10.Be3 Nc6 11.O-O a6 12.a4 e6 13.Nxc6 bxc6 14.a5 Qc7 15.Bb6 Qb8
16.Na4 Nd7 17.Be3 c5 18.Qd2 Qc7 19.Rfd1 Ne5 20.Nb6 Rad8 21.Ra3 Nc6 22.Rd3 Rfe8
23.Bg5 Rb8 24.Rxd6 Nd4 25.Rd7 Qc6 26.Ra7 Rxb6 27.axb6 Qxb6 28.Rd7 Qb3 29.Kh1 Qxc4
30.Qf4 Rf8 31.Rb7 Qa4 32.Re1 Nc2 33.Rc1 Nb4 34.Qd2 Nc6 35.Qd7 h6 36.Be7 Ra8
37.Bxc5 Kh7 38.Bg1  1-0

[Event "Catalan Championship 2013"]
[Site "Barcelona ESP"]
[Date "2013.05.09"]
[Round "3.2"]
[White "Perez Mitjans,O"]
[Black "Lorenzo de la Riva,L"]
[Result "0-1"]
[WhiteElo "2483"]
[BlackElo "2423"]

1.e4 c5 2.Nf3 d6 3.Bb5+ Bd7 4.Bxd7+ Qxd7 5.O-O Nc6 6.d4 cxd4 7.Nxd4 Nf6 8.Re1 g6
9.Nc3 Bg7 10.Bg5 Ng4 11.Nxc6 bxc6 12.h3 Ne5 13.Qe2 Qb7 14.b3 Nd7 15.Bd2 O-O
16.Rad1 Nc5 17.Qc4 Ne6 18.Be3 Rfd8 19.Na4 Qb5 20.Qf1 Qxf1+ 21.Kxf1 Rdc8 22.f4 c5
23.c3 Rc6 24.f5 Nc7 25.c4 Be5 26.Bd2 f6 27.Bc3 e6 28.fxg6 hxg6 29.Bxe5 fxe5
30.Ke2 Rf8 31.Rf1 Ne8 32.Rxf8+ Kxf8 33.Nc3 Nf6 34.Kf3 Ke7 35.h4 a6 36.g4 Rc8
37.Kg3 Rf8 38.Rd2 Nd7 39.Rf2 Rh8 40.g5 Rg8 41.Kg4 Nb8 42.Ne2 Nc6 43.h5 gxh5+
44.Kxh5 Rh8+ 45.Kg6 Rh4 46.Ng3 Ke8 47.Rg2 Ne7+ 48.Kf6 Kd7 49.Ne2 Rxe4 50.g6 Re3
51.Ng1 Re1 52.Nh3 e4 53.g7 Rf1+ 54.Kg5 d5 55.Kg4 Rf7 56.Kh5 d4 57.Nf2 Rf5+
58.Kh6 Rf4 59.Ng4 Kd6 60.Kg5 Rf5+ 61.Kh4 e3 62.Nh6 Rf6 63.Ng4 Rg6 64.Kh5 Rxg7
65.Nxe3 Rh7+  0-1

[Event "Catalan Championship 2013"]
[Site "Barcelona ESP"]
[Date "2013.05.09"]
[Round "3.4"]
[White "Perez Mitjans,O"]
[Black "Lorenzo de la Riva,L"]
[Result "1-0"]
[WhiteElo "2483"]
[BlackElo "2423"]

1.e4 c5 2.Nf3 d6 3.Bb5+ Bd7 4.Bxd7+ Qxd7 5.O-O Nc6 6.Re1 g6 7.c3 Bg7 8.d4 cxd4
9.cxd4 Nf6 10.Nc3 O-O 11.h3 Rac8 12.Bg5 h6 13.Be3 a6 14.Qd2 Kh7 15.Rad1 b5
16.Qd3 Nb4 17.Qb1 Ng8 18.d5 a5 19.Nd4 Rb8 20.a3 Na6 21.Nc6 b4 22.axb4 axb4
23.Nxb8 Rxb8 24.Ne2 Nf6 25.Nd4 Rb7 26.Nb3 Qa4 27.Qd3 Nb8 28.Ra1 Qd7 29.Bd4 e5
30.dxe6 Qxe6 31.e5 dxe5 32.Nc5 Qd5 33.Rxe5  1-0

[Event "VIII American Continental 2013"]
[Site "Cochabamba BOL"]
[Date "2013.05.09"]
[Round "4.23"]
[White "Nunez Marquina,Nataly Massiel"]
[Black "Latorre,Mat"]
[Result "0-1"]
[WhiteElo "1942"]
[BlackElo "2254"]

1.e4 c5 2.Nf3 d6 3.Bb5+ Nd7 4.b3 Nf6 5.Qe2 g6 6.Bb2 Bg7 7.d4 cxd4 8.Nxd4 O-O
9.Bxd7 Bxd7 10.c4 Qa5+ 11.Nd2 Nh5 12.Qe3 Bf6 13.Bc3 Qc5 14.N2f3 Bg4 15.Rd1 a6
16.a4 Rab8 17.O-O Rfc8 18.Rfe1 b5 19.axb5 axb5 20.Nxb5 Bxc3 21.Nxc3 Rxb3
22.Rb1 Qxe3 23.Rxe3 Rxb1+ 24.Nxb1 Bxf3 25.Rxf3 Rxc4 26.Nd2 Rd4 27.Nf1 Rxe4
28.g3 Re2 29.Kg2 Nf6 30.Ne3 Kg7 31.Nc4 d5 32.Re3 Rxe3 33.Nxe3 e6 34.f4 h6
35.Kf3 g5 36.Nc2 Ne4 37.Nd4 Kf6 38.Nc6 Nd2+ 39.Kg4 gxf4 40.gxf4 Nf1 41.h3 Ne3+
42.Kf3 Nc4  0-1

[Event "14th Euro Indiv 2013"]
[Site "Legnica POL"]
[Date "2013.05.09"]
[Round "5.93"]
[White "Hnydiuk,A"]
[Black "Georgiev,Ki"]
[Result "0-1"]
[WhiteElo "2409"]
[BlackElo "2657"]

1.e4 c5 2.Nf3 d6 3.Bb5+ Nd7 4.c3 Nf6 5.Qe2 a6 6.Ba4 c4 7.Bxd7+ Bxd7 8.Qxc4 Bb5
9.Qd4 e5 10.Qe3 Ng4 11.Qg5 Qc8 12.d4 Be7 13.Qd2 f5 14.Qc2 fxe4 15.Qxe4 Nf6
16.Qe3 e4 17.Ng5 d5 18.a4 Bd3 19.Qh3 Ng4 20.Na3 Qf5 21.f3 exf3 22.gxf3 Bxg5
23.Qxg4 Bh4+ 24.Kd2 O-O 25.Qxf5 Bxf5 26.Nc2 Bh3 27.Ne3 Rxf3 28.Kc2 Re8  0-1

[Event "14th Euro Indiv 2013"]
[Site "Legnica POL"]
[Date "2013.05.09"]
[Round "5.6"]
[White "Mamedov,Rau"]
[Black "Khalifman,A"]
[Result "1/2-1/2"]
[WhiteElo "2649"]
[BlackElo "2614"]

1.e4 c5 2.Nf3 d6 3.Bb5+ Nd7 4.O-O Nf6 5.d4 cxd4 6.Qxd4 g6 7.e5 dxe5 8.Qxe5 Bg7
9.Re1 e6 10.Qd6 a6 11.Bf1 Bf8 12.Qd3 Bg7 13.Qa3 Bf8 14.Qa4 Bg7 15.Qa3 Bf8
16.Qa4 Bg7 17.Qa3  1/2-1/2

[Event "5th Alexander The Great Open 2013"]
[Site "Porto Carras GRE"]
[Date "2013.05.09"]
[Round "3.2"]
[White "Klinova,M"]
[Black "Erdogdu,M"]
[Result "1-0"]
[WhiteElo "2316"]
[BlackElo "2422"]

1.e4 c5 2.Nf3 d6 3.Bb5+ Nd7 4.O-O Nf6 5.Re1 Qc7 6.c3 a6 7.Bf1 e5 8.d4 Be7
9.a4 b6 10.Na3 O-O 11.h3 cxd4 12.cxd4 exd4 13.Bf4 Nc5 14.Nxd4 Qb7 15.f3 d5
16.e5 Nh5 17.Be3 Bh4 18.f4 Ng3 19.Nf3 Be7 20.Kh2 Nce4 21.Nc2 f6 22.Bd3 fxe5
23.Nxe5 Nf5 24.Bg1 Bh4 25.Rxe4 dxe4 26.Bc4+ Kh8 27.Qh5 Bg3+ 28.Kh1 Nh6 29.Bd4 Bxf4
30.Rf1 Bg4 31.Nxg4 Nf5 32.Kg1 Nxd4 33.Nxd4 Qc7 34.b3 g6 35.Qd5 Qd6 36.Qxe4 h5
37.Ne6 hxg4 38.Rxf4 Qd1+ 39.Kh2 g3+ 40.Kxg3 Qd6 41.Nxf8 Rxf8 42.Qd4+  1-0

[Event "ch-USA 2013"]
[Site "Saint Louis USA"]
[Date "2013.05.09"]
[Round "6"]
[White "Shankland,S"]
[Black "Troff,Kayden W"]
[Result "1/2-1/2"]
[WhiteElo "2612"]
[BlackElo "2421"]

1.e4 c5 2.Nf3 d6 3.Bb5+ Bd7 4.Bxd7+ Qxd7 5.c4 Nc6 6.Nc3 Nf6 7.d4 cxd4 8.Nxd4 g6
9.f3 Bg7 10.Be3 O-O 11.O-O e6 12.Qd2 Rfc8 13.Nde2 Ne7 14.b3 Rd8 15.Rad1 b6
16.Bg5 Qb7 17.Qf4 Ne8 18.Qh4 Rd7 19.Rd3 Bh8 20.Rfd1 a6 21.a4 Rad8 22.Nd4 Rc8
23.Qh3 Nc6 24.Nxc6 Qxc6 25.Be3 Rcd8 26.Qh4 Nc7 27.Bg5 Rb8 28.Bf6 Bxf6 29.Qxf6 b5
30.axb5 axb5 31.cxb5 Nxb5 32.h4 Nxc3 33.Rxc3 Qb6+ 34.Kh2 Qd8 35.Qf4 Rb5 36.Rcd3 d5
37.h5 d4 38.e5 Qb8 39.Rxd4 Rxe5 40.Kg1 Rxd4 41.Rxd4 Re1+ 42.Kf2 Qxf4 43.Rxf4 Rb1
44.hxg6 Rb2+ 45.Kg3 hxg6 46.Rb4 Kg7 47.f4 f5 48.Rb6 Kf6 49.b4 g5 50.fxg5+ Kxg5
51.Rxe6  1/2-1/2

[Event "Supreme Masters 2013"]
[Site "Sandnes NOR"]
[Date "2013.05.09"]
[Round "2.3"]
[White "Carlsen,M"]
[Black "Anand,V"]
[Result "1/2-1/2"]
[WhiteElo "2868"]
[BlackElo "2783"]

1.e4 c5 2.Nf3 d6 3.Bb5+ Nd7 4.d4 cxd4 5.Qxd4 a6 6.Bxd7+ Bxd7 7.c4 e5 8.Qd3 b5
9.Nc3 bxc4 10.Qxc4 Be6 11.Qd3 h6 12.O-O Nf6 13.Rd1 Be7 14.Ne1 O-O 15.Nc2 Qb6
16.Ne3 Rfc8 17.b3 a5 18.Bd2 Qa6 19.Be1 Nd7 20.f3 Rc6 21.Qxa6 Rcxa6 22.Ned5 Bd8
23.Nb5 Rc8 24.Bf2 Kh7 25.Kf1 Rcc6 26.Rac1 Bg5 27.Rc3 Bxd5 28.Rxd5 Rxc3 29.Nxc3 Rc6
30.Be1 Nc5 31.Nb5 Nb7 32.h4 Be3 33.Ke2 Bc5 34.h5 Bb4 35.Bd2 g6 36.a3 Bxd2
37.hxg6+ Kxg6 38.Kxd2 h5 39.g3 f6 40.Na7 Rc7 41.Nb5 Rc6 42.Ke2 Kf7 43.b4 axb4
44.axb4 Ke6 45.Rd3 Rc4 46.Rb3 d5 47.Kd3 Rc6 48.exd5+ Kxd5 49.Rc3 f5 50.Nc7+ Kd6
51.Ne8+ Kd5 52.Rxc6 Kxc6 53.Ng7 Nd6 54.Nxh5 e4+ 55.fxe4 Nxe4 56.Kd4 Kb5 57.g4 fxg4
58.Kxe4 g3 59.Nxg3 Kxb4  1/2-1/2

[Event "FSIMA May 2013"]
[Site "Budapest HUN"]
[Date "2013.05.10"]
[Round "7.3"]
[White "Lyell,M"]
[Black "Aryan,C"]
[Result "1-0"]
[WhiteElo "2227"]
[BlackElo "2120"]

1.e4 c5 2.Nf3 d6 3.Bb5+ Bd7 4.Bxd7+ Qxd7 5.O-O Nf6 6.Qe2 Nc6 7.Rd1 g5 8.c3 g4
9.Nh4 Qe6 10.d3 O-O-O 11.Bf4 d5 12.Nd2 Rg8 13.Nb3 b6 14.Re1 Nh5 15.Be3 Qf6
16.Nf5 e6 17.Ng3 Nxg3 18.fxg3 h5 19.d4 c4 20.Nd2 h4 21.Rf1 Qg6 22.gxh4 g3
23.h3 Rd7 24.b3 dxe4 25.bxc4 f5 26.c5 Bh6 27.Bxh6 Qxh6 28.cxb6 axb6 29.Qa6+ Rb7
30.Nc4 Kc7 31.Rab1 Rgb8 32.Qa3 Qf8 33.Qc1 b5 34.Qf4+ Kd7 35.Ne3 Qd6 36.d5 Ne7
37.dxe6+ Qxe6 38.Rbd1+ Kc6 39.Nc2 Qf6 40.Nb4+  1-0

[Event "II Maremma Open"]
[Site "Grosseto ITA"]
[Date "2013.05.10"]
[Round "2"]
[White "Libiszewski,F"]
[Black "Vuelban,V"]
[Result "1/2-1/2"]
[WhiteElo "2501"]
[BlackElo "2298"]

1.e4 c5 2.Nf3 d6 3.Bb5+ Bd7 4.Bxd7+ Qxd7 5.O-O Nf6 6.Re1 Nc6 7.c3 e6 8.d4 cxd4
9.cxd4 d5 10.e5 Ne4 11.Nbd2 Nxd2 12.Bxd2 Be7 13.Rc1 O-O 14.Rc3 Rfc8 15.a3 Rc7
16.Rd3 Bd8 17.Ng5 h6 18.Nh3 Ne7 19.Nf4 Rac8 20.Nh5 Qb5 21.Bc3 Rc6 22.f4 Ng6
23.Qd2 Ba5 24.g4 Bxc3 25.bxc3 Ne7 26.Rf3 Qb3 27.Rc1 Ra6 28.f5 Rxa3 29.fxe6 Ra2
30.Qf4 f5 31.Rcf1 Rxc3 32.Nf6+ gxf6 33.exf6 Rxf3 34.Rxf3 Qd1+ 35.Rf1 Qe2
36.Qg3 f4 37.fxe7 Qxe6 38.Qxf4 Qxe7 39.Rc1 Kg7 40.Rc7 Ra1+ 41.Kg2  1/2-1/2

[Event "Deltalift Open 2013"]
[Site "Halmstad SWE"]
[Date "2013.05.10"]
[Round "6"]
[White "Lyngsjo,H"]
[Black "Lindgren,P"]
[Result "0-1"]
[WhiteElo "1991"]
[BlackElo "2256"]

1.e4 c5 2.Nf3 d6 3.Bb5+ Nd7 4.O-O a6 5.Bxd7+ Bxd7 6.d4 cxd4 7.Qxd4 e5 8.Qd3 h6
9.b3 Nf6 10.c4 b5 11.c5 dxc5 12.Nxe5 Be6 13.Qf3 Qd4 14.Qc3 Qxe4 15.Nd2 Qb7
16.Re1 Be7 17.Ng6 fxg6 18.Rxe6 Kf7 19.Re2 Rhe8 20.Bb2 Bd6 21.Rae1 Rxe2 22.Rxe2 Qd5
23.Ne4 Re8 24.Nxd6+ Qxd6 25.Rxe8 Kxe8 26.h3 Kf7 27.Qc2 Qd5 28.Ba3 Nd7 29.Qe2 Nf8
30.Qe3 Ne6 31.Bb2 g5 32.Qc3 g4 33.hxg4 Qd1+ 34.Kh2 Qxg4 35.g3 Qf5 36.Kg2 Kg8
37.Qe3 Kh7 38.Qc3 Qg6 39.Qe5 h5 40.f4 Qg4 41.Qe4+ Kh6 42.Bc1 Nd4 43.f5+ Kh7
44.Qxg4 hxg4 45.Be3 Kg8 46.b4 Nxf5 47.Bxc5 Kf7 48.Kf2 Ke6 49.Be3 Nxe3 50.Kxe3 Ke5
51.Kd3 Kd5  0-1

[Event "14th Euro Indiv 2013"]
[Site "Legnica POL"]
[Date "2013.05.10"]
[Round "6.35"]
[White "Mastrovasilis,D"]
[Black "Gallagher,Jo"]
[Result "1/2-1/2"]
[WhiteElo "2610"]
[BlackElo "2507"]

1.e4 c5 2.Nf3 d6 3.Bb5+ Bd7 4.Bxd7+ Qxd7 5.O-O Nc6 6.c3 Nf6 7.Qe2 e6 8.d4 cxd4
9.cxd4 d5 10.e5 Ne4 11.Be3 Be7 12.Ne1 f6 13.f3 Ng5 14.Nd3 O-O 15.Nd2 Nf7
16.Bf2 b6 17.Rac1 Rac8 18.a3 Rfe8 19.Rc3 Na5 20.Rxc8 Rxc8 21.exf6 Bxf6 22.Re1 h6
23.Nf1 Nb3 24.Qxe6 Qxe6 25.Rxe6 Nxd4 26.Re1 Nd6 27.Ng3 Kf7 28.Nh5 Ne6 29.Nxf6 Kxf6
30.Kf1 Nf5 31.Nb4 d4 32.g3 a5 33.Nd5+ Kf7 34.Nxb6 Rc2 35.Re5 g6 36.g4 Ne3+
37.Bxe3 dxe3 38.Rxe3 Rxb2 39.Nc4 Rxh2 40.Ne5+ Kf6 41.g5+ Kxg5 42.Ng4 Rh3
43.Nf2 Rg3 44.Rxe6 Rxf3 45.Re5+ Rf5 46.Re3 h5 47.Kg2 h4 48.Re6 Rd5 49.Re4 Kh5
50.a4 g5 51.Ng4 Rd3 52.Ne3 Rd2+ 53.Kh3 Re2 54.Re5 Ra2 55.Rxa5 Ra3 56.Re5 Rxa4
57.Re8 Ra3 58.Kg2 Ra4 59.Kf3  1/2-1/2

[Event "14th Euro Indiv 2013"]
[Site "Legnica POL"]
[Date "2013.05.10"]
[Round "6.17"]
[White "Laznicka,V"]
[Black "Zhigalko,A"]
[Result "1-0"]
[WhiteElo "2679"]
[BlackElo "2603"]

1.e4 c5 2.Nf3 d6 3.Bb5+ Nd7 4.d4 cxd4 5.Qxd4 a6 6.Bxd7+ Bxd7 7.c4 b5 8.Nc3 e5
9.Qd3 bxc4 10.Qxc4 Be7 11.O-O Qc8 12.Qd3 Qb7 13.Rd1 Bb5 14.Nxb5 axb5 15.Bg5 Bxg5
16.Nxg5 Ra6 17.Qb3 Rb6 18.a4 bxa4 19.Qxa4+ Ke7 20.f4 f6 21.fxe5 fxg5 22.exd6+ Rxd6
23.Rxd6 Kxd6 24.Qe8 Qe7 25.Ra6+ Ke5 26.Qb5+ Kxe4 27.Ra4+ Ke3 28.Qb3+ Ke2
29.Qc4+ Kd2 30.Qd4+ Kc2 31.Qc3+ Kb1 32.b3  1-0

[Event "14th Euro Indiv 2013"]
[Site "Legnica POL"]
[Date "2013.05.10"]
[Round "6.83"]
[White "Zawadzka,J"]
[Black "Gordon,S"]
[Result "1/2-1/2"]
[WhiteElo "2383"]
[BlackElo "2527"]

1.e4 c5 2.Nf3 d6 3.Bb5+ Nc6 4.Bxc6+ bxc6 5.O-O Bg4 6.h3 Bh5 7.e5 e6 8.exd6 Bxd6
9.d3 Ne7 10.Nbd2 e5 11.Ne4 O-O 12.Qe2 f6 13.Ng3 Bg6 14.Re1 Nd5 15.Bd2 Qd7
16.Nh4 f5 17.Nxg6 hxg6 18.Nf1 Rae8 19.f3 Re6 20.Rad1 Rfe8 21.Bc1 Bc7 22.Nd2 Qe7
23.Qf2 Ba5 24.c3 Bc7 25.Nc4 Nb6 26.Be3 Nxc4 27.dxc4 Bd6 28.Qd2 e4 29.fxe4 fxe4
30.Rf1 Qc7 31.Qe2 Qe7 32.Qg4 Qb7 33.Rd2 Qe7 34.Rdf2 Qc7 35.Qg5 Be7 36.Qg4 Bd6
37.Qg5 Be7 38.Qg4 Bd6  1/2-1/2

[Event "14th Euro Indiv 2013"]
[Site "Legnica POL"]
[Date "2013.05.10"]
[Round "6.75"]
[White "Firat,B"]
[Black "Shomoev,A"]
[Result "1-0"]
[WhiteElo "2421"]
[BlackElo "2561"]

1.e4 c5 2.Nf3 d6 3.Bb5+ Nd7 4.c3 Nf6 5.Qe2 a6 6.Ba4 c4 7.Bc2 Qc7 8.b3 b5
9.bxc4 bxc4 10.Na3 Nb6 11.e5 dxe5 12.Qxe5 Qc6 13.Rb1 e6 14.Qg3 Nfd7 15.O-O Bb7
16.Re1 Bd6 17.Qxg7 O-O-O 18.Be4 Qxe4 19.Rxe4 Bxe4 20.Ng5 Bxb1 21.Nxf7 Bxa3
22.Bxa3 Rhg8 23.Qd4 e5 24.Qh4 Bd3 25.Nxd8 Rxd8 26.Qh6 Bg6 27.h4 Rg8 28.f3 Kb7
29.h5 Bb1 30.Qe6 Rc8 31.g4 Rc6 32.Qe7 a5 33.Bd6 Bxa2 34.Bxe5 Bb1 35.f4 Rc5
36.Bd4 Rc7 37.f5 Nc5 38.f6 Be4 39.Qe8 Nbd7 40.f7 Bd5 41.Bxc5 Bxf7 42.Qxf7 Nxc5
43.Qxc4 Kb6 44.d4 Nb7 45.Qb3+ Ka6 46.c4 Nd6 47.c5 Nb5 48.Qe6+  1-0

[Event "ch-KGZ Men 2013"]
[Site "Bishkek KGZ"]
[Date "2013.05.11"]
[Round "3"]
[White "Takyrbashev,B"]
[Black "Abdyjapar,Asyl"]
[Result "0-1"]
[WhiteElo "2234"]
[BlackElo "2396"]

1.e4 c5 2.Nf3 d6 3.Bb5+ Bd7 4.Bxd7+ Nxd7 5.c4 Ngf6 6.Nc3 e6 7.O-O Be7 8.d4 cxd4
9.Nxd4 O-O 10.f3 a6 11.b3 Rc8 12.Bb2 Qc7 13.Rc1 Qb8 14.Kh1 Rfd8 15.Qe2 Rc5
16.Rcd1 Re8 17.a4 Bf8 18.f4 g6 19.Ba3 Rh5 20.Nf3 Rc8 21.g3 b6 22.Kg2 Nc5
23.b4 Ncd7 24.h3 d5 25.exd5 exd5 26.Nxd5 Nxd5 27.cxd5 Qb7 28.Bb2 Rf5 29.d6 b5
30.a5 Rc4 31.Be5 h5 32.Rfe1 Qc6 33.Kg1 Rxb4 34.Nd4 Rxd4 35.Rxd4 f6 36.Qe4 Qc5
37.Qd5+ Qxd5 38.Rxd5 fxe5 39.fxe5 Bg7 40.e6 Rxd5 41.exd7 Bf6 42.Re6 Bd8 43.Re8+ Kf7
44.Rxd8 Ke6 45.Ra8 Kxd7 46.Ra7+ Kxd6 47.Rxa6+ Kc5 48.Rxg6 b4 49.Rb6 Rd2 50.Rb7 Kc4
51.a6 Ra2 52.a7 b3 53.g4 hxg4 54.hxg4 Kc3 55.g5 b2 56.g6 Rxa7  0-1

[Event "FSFMA May 2013"]
[Site "Budapest HUN"]
[Date "2013.05.11"]
[Round "8.5"]
[White "Mayer,I"]
[Black "Krstulovic,Alex"]
[Result "1/2-1/2"]
[WhiteElo "2037"]
[BlackElo "1945"]

1.e4 c5 2.Nf3 d6 3.Bb5+ Bd7 4.a4 Nc6 5.O-O a6 6.Bc4 Nf6 7.Re1 e6 8.Nc3 Be7
9.d4 cxd4 10.Nxd4 O-O 11.Bf1 Qc7 12.g3 Rac8 13.Bg2 Na5 14.Nde2 Rfd8 15.Qd3 Nc4
16.h3 b5 17.axb5 axb5 18.Nd4 Qb6 19.Ra2 Rc7 20.b3 Ne5 21.Qe3 Rdc8 22.Nce2 Bf8
23.Bd2 Nc6 24.Rea1 Nxd4 25.Nxd4 e5 26.Nf5 Qxe3 27.Nxe3 Bc6 28.Ba5 Ra7 29.Bb4 Rxa2
30.Rxa2 Nxe4 31.Ra6 d5 32.Bxf8 Kxf8 33.c4 bxc4 34.bxc4 d4 35.Nd5 Bxd5 36.cxd5 f5
37.d6 Rd8 38.Ra5 Rxd6 39.Rxe5 d3 40.Bf3 d2 41.Rxf5+ Nf6 42.Bd1 Re6 43.Kg2 Re1
44.Bf3 d1=Q 45.Bxd1 Rxd1 46.Ra5 Ke7 47.h4 Rd2 48.Kf3 Ke6 49.Ke3 Rd5 50.Ra3 Kf5
51.f3 h5 52.Ra4 Re5+ 53.Kf2 Ke6 54.Ra7 g6 55.Ra6+ Kf5 56.Ra4 Rc5 57.Kg2 Rc2+
58.Kh3 Rc1 59.Ra5+ Ke6 60.Ra6+ Kf7 61.Ra5 Rc6 62.Ra4 Rd6 63.Ra3 Rd4 64.Ra7+ Ke6
65.Ra6+ Kf5 66.Ra7 Nd5 67.Ra8 Rd2 68.Rf8+ Nf6 69.Ra8  1/2-1/2

[Event "Geneva WGP 2013"]
[Site "Geneva SUI"]
[Date "2013.05.11"]
[Round "8.3"]
[White "Hou Yifan"]
[Black "Ushenina,A"]
[Result "0-1"]
[WhiteElo "2617"]
[BlackElo "2491"]

1.e4 c5 2.Nf3 d6 3.Bb5+ Nd7 4.d4 Nf6 5.O-O cxd4 6.Qxd4 g6 7.e5 dxe5 8.Qxe5 Bg7
9.Re1 e6 10.Qd6 a6 11.Bf1 Bf8 12.Qd3 Bg7 13.c4 O-O 14.Nc3 b6 15.Bf4 Bb7 16.Rad1 Qc8
17.h3 Rd8 18.Na4 b5 19.cxb5 axb5 20.Rc1 Nc5 21.Qxb5 Rxa4 22.Rxc5 Qa8 23.Bc7 Rc8
24.Ne5 Rxa2 25.Nc4 Nd5 26.Bg3 Bc6 27.Qb3 Bd4 28.Nd6 Rxb2 29.Qc4 Bxc5 30.Qxc5 Rcb8
31.Ne4 Rb1 32.Re2 Rxf1+ 33.Kh2 Rbb1 34.Be5 Rh1+ 35.Kg3 Rhe1 36.Ra2 Qxa2 37.Qxc6 Qa3+
38.f3 Rxe4 39.Bd6 Qxd6+ 40.Qxd6 Reb4  0-1

[Event "14th Euro Indiv 2013"]
[Site "Legnica POL"]
[Date "2013.05.11"]
[Round "7.5"]
[White "Stevic,H"]
[Black "Areshchenko,A"]
[Result "1/2-1/2"]
[WhiteElo "2637"]
[BlackElo "2709"]

1.e4 c5 2.Nf3 d6 3.Bb5+ Bd7 4.Bxd7+ Qxd7 5.O-O Nf6 6.Qe2 Nc6 7.Rd1 e6 8.d4 cxd4
9.Nxd4 Be7 10.c4 O-O 11.Nc3 Rac8 12.b3 a6 13.Ba3 Nxd4 14.Rxd4 Qc7 15.Rad1 Rfd8
16.R4d3 Qa5 17.Bb2 b5 18.cxb5 axb5 19.e5 Ne8 20.exd6 Rxd6 21.Rxd6 Nxd6 22.Qe5 Bf8
23.h3 Qb6 24.Rd2 b4 25.Ne4 Nxe4 26.Qxe4 Qa6 27.Qb1 f6 28.Bd4 Qc6 29.Be3 Qc1+
30.Qxc1 Rxc1+ 31.Kh2 Rc6 32.g4 e5 33.Kg2 Kf7 34.Rd7+ Ke6 35.Ra7 Be7 36.Ra8 Rc2
37.Ra6+ Bd6 38.Ra7 Rc7 39.Rxc7 Bxc7 40.f3 Kd5 41.Kf2 g6 42.Ke2 f5 43.Kd3 Bd6
44.gxf5 gxf5 45.Bg5 Bc5 46.Bh4 e4+ 47.fxe4+ fxe4+ 48.Ke2 Ke5 49.Bg3+ Kf5
50.Kd2 Ke6 51.Ke2 Bd6 52.Bf2 Kf5 53.Be3 Kg6 54.Bd2 Bc5 55.Bf4 Kh5 56.Bg3 Kg5
57.Kd2 Kf5  1/2-1/2

[Event "14th Euro Indiv 2013"]
[Site "Legnica POL"]
[Date "2013.05.11"]
[Round "7.72"]
[White "Brkic,A"]
[Black "Petenyi,T"]
[Result "1/2-1/2"]
[WhiteElo "2575"]
[BlackElo "2455"]

1.e4 c5 2.Nf3 d6 3.Bb5+ Nd7 4.O-O Nf6 5.d4 a6 6.Bxd7+ Qxd7 7.Nc3 e6 8.a4 Be7
9.dxc5 dxc5 10.Qe2 Qc7 11.g3 b6 12.Bf4 Qb7 13.Ne5 O-O 14.Nc4 Bd7 15.Bd6 Bxd6
16.Nxd6 Qc7 17.e5 Nd5 18.Nce4 f5 19.exf6 Nxf6 20.Rfd1 Nxe4 21.Qxe4 Bc6 22.Qxe6+ Kh8
23.Re1 Rf6 24.Ne8 Rxe6 25.Nxc7 Rxe1+ 26.Rxe1 Ra7 27.Rd1 Kg8 28.Rd8+ Kf7 29.Nd5 Bxa4
30.b3 Rd7 31.Rxd7+ Bxd7 32.Nxb6 Bf5 33.c3 Bc2 34.b4 cxb4 35.cxb4 Ke6 36.Kf1 Ke5
37.Ke2 Kd4 38.Kd2 Bf5 39.f3 h5 40.Na4 Kc4 41.Nc5 Bc8 42.Nd3 Bf5 43.Nc5 Bc8
44.Nd3 Bf5  1/2-1/2

[Event "HC Andersen Open 2013"]
[Site "Odense DEN"]
[Date "2013.05.11"]
[Round "6.7"]
[White "Bromann,T"]
[Black "Olsen,Aa"]
[Result "1-0"]
[WhiteElo "2368"]
[BlackElo "2056"]

1.e4 c5 2.Nf3 d6 3.Bb5+ Bd7 4.Bxd7+ Qxd7 5.O-O Nc6 6.Qe2 e6 7.Rd1 Nge7 8.b3 Ng6
9.Bb2 Nf4 10.Qf1 e5 11.Na3 Qg4 12.Nc4 Nd4 13.Nxd4 cxd4 14.f3 Qc8 15.c3 dxc3
16.dxc3 Be7 17.Ba3 O-O 18.Rac1 Qc7 19.g3 Ne6 20.Bxd6 Bxd6 21.Nxd6 Rfd8 22.Nc4 Rxd1
23.Qxd1 Qc5+ 24.Kg2 b5 25.Qd5 Rd8 26.Qxc5 Nxc5 27.Nxe5 Rd2+ 28.Kh3 f6 29.Nc6 Nd3
30.Ra1 h5 31.e5 fxe5 32.Kh4 Rxh2+ 33.Kg5 Rg2 34.Nxa7 Rxg3+ 35.Kf5 Nf2 36.Nxb5 g6+
37.Kxe5 Rg5+ 38.Kf6 Rxb5 39.Kxg6 h4 40.Rf1 Nd3 41.f4 h3 42.f5 h2 43.Rh1 Ne5+
44.Kg5 Rb7 45.Kf4 Nd3+ 46.Ke3 Ne5 47.Ke4 Ng4 48.Kf4 Rg7 49.a4 Kf7 50.a5 Kf6
51.a6 Nh6 52.Rxh2 Nxf5 53.c4 Rd7 54.Ra2 Ra7 55.Ke4 Ke6 56.b4 Nd6+ 57.Kd4 Kd7
58.b5 Kc7 59.Kc5 Ne4+ 60.Kb4 Kb6 61.Rh2 Rf7 62.Rh4 Nf6 63.c5+ Ka7 64.Ka5 Rf8
65.b6+ Ka8 66.Rd4  1-0

[Event "5th Alexander The Great Open 2013"]
[Site "Porto Carras GRE"]
[Date "2013.05.11"]
[Round "6.8"]
[White "Katapodis,Gerasimos"]
[Black "Asgarov,M"]
[Result "1/2-1/2"]
[WhiteElo "1849"]
[BlackElo "2226"]

1.e4 c5 2.Nf3 d6 3.Bb5+ Bd7 4.Bxd7+ Nxd7 5.O-O Ngf6 6.Re1 g6 7.b3 Bg7 8.Bb2 e5
9.c4 O-O 10.Nc3 Ne8 11.a3 f5 12.b4 b6 13.b5 f4 14.d3 g5 15.Nd2 Nef6 16.f3 h5
17.a4 Qe8 18.a5 Qg6 19.axb6 axb6 20.Qe2 g4 21.Ra6 Kh8 22.Rea1 Rad8 23.Kf1 h4
24.Nd5 h3 25.Nxb6 Nxb6 26.Rxb6 Nh5 27.gxh3 gxh3 28.Qf2 Bf6 29.Ke2 Rg8 30.Rf1 Qf7
31.Rg1 Rxg1 32.Qxg1 Rg8 33.Qe1 Rg2+ 34.Kd1 Rxh2 35.Rxd6 Ng3 36.Kc2 Qe7 37.Rxf6 Qxf6
38.Qa1 Kh7 39.Bxe5 Qf7 40.b6 Kg6 41.Qa7 Rxd2+ 42.Kxd2 h2 43.Qxf7+ Kxf7 44.b7 h1=Q
45.b8=Q Qg2+ 46.Kc3 Ne2+ 47.Kb3 Qxf3 48.Qd6 Nd4+ 49.Kc3 Ne2+ 50.Kb2 Qe3 51.Qf6+ Ke8
52.Qe6+ Kd8 53.Bf6+ Kc7 54.Qe7+ Kc8  1/2-1/2

[Event "ch-USA 2013"]
[Site "Saint Louis USA"]
[Date "2013.05.11"]
[Round "8"]
[White "Kamsky,G"]
[Black "Gareev,T"]
[Result "1/2-1/2"]
[WhiteElo "2741"]
[BlackElo "2674"]

1.e4 c5 2.Nf3 d6 3.Bb5+ Nc6 4.c3 Nf6 5.Qe2 Bg4 6.h3 Bxf3 7.Qxf3 Qb6 8.Na3 g6
9.O-O Bg7 10.Re1 O-O 11.Bf1 Qc7 12.Nc2 c4 13.d4 cxd3 14.Qxd3 Nd7 15.Ne3 Nc5
16.Qc2 e6 17.b4 Nd7 18.Rb1 Rac8 19.Qb3 Nf6 20.Nc4 d5 21.exd5 exd5 22.Ne3 d4
23.Nc4 dxc3 24.Qxc3 Nd5 25.Qf3 Nc3 26.Bf4 Nd4 27.Qxc3 Qxf4 28.Qe3 Qh4 29.Qe7 Qh5
30.Qxb7 Rc6 31.Qxa7 Qg5 32.Kh1 Qf4 33.b5 Re6 34.Rxe6 fxe6 35.b6 Qf5 36.Rc1 Qxf2
37.b7 Qf4 38.Rb1 Nf5 39.b8=Q Ng3+ 40.Kh2 Nxf1+ 41.Kh1 Ng3+ 42.Kh2 Nf1+ 43.Kh1  1/2-1/2

[Event "Supreme Masters 2013"]
[Site "Sandnes NOR"]
[Date "2013.05.12"]
[Round "4.4"]
[White "Carlsen,M"]
[Black "Svidler,P"]
[Result "1/2-1/2"]
[WhiteElo "2868"]
[BlackElo "2769"]

1.e4 c5 2.Nf3 d6 3.Bb5+ Nd7 4.O-O a6 5.Bd3 Ne5 6.Nxe5 dxe5 7.a4 Nf6 8.b3 Be6
9.Bb2 Bxb3 10.Qe2 c4 11.Bxc4 Bxc4 12.Qxc4 Rc8 13.Qb3 Qc7 14.d3 e6 15.Nd2 Nd7
16.Nc4 b6 17.Kh1 Rb8 18.Qc3 f6 19.g3 b5 20.axb5 axb5 21.Ne3 Qxc3 22.Bxc3 b4
23.Bd2 b3 24.cxb3 Rxb3 25.Ra8+ Rb8 26.Rxb8+ Nxb8 27.Rc1 Kd7 28.Rb1 Nc6 29.Nc4 Be7
30.f4 exf4 31.gxf4 Rb8 32.Rxb8 Nxb8 33.Kg2 Nc6 34.Bc3 Bc5 35.Kf3 Nd4+ 36.Bxd4 Bxd4
37.f5 g6 38.fxe6+ Kxe6 39.h3 h5 40.Na5 Bb6 41.Nc4 Bd4 42.Na5 Bb6 43.Nc4 Bd4  1/2-1/2

[Event "14th Euro Indiv 2013"]
[Site "Legnica POL"]
[Date "2013.05.13"]
[Round "8.42"]
[White "Zvjaginsev,V"]
[Black "Kraemer,Mart"]
[Result "1-0"]
[WhiteElo "2655"]
[BlackElo "2544"]

1.e4 c5 2.Nf3 d6 3.Bb5+ Nd7 4.O-O a6 5.Bd3 Ngf6 6.Re1 e5 7.c3 Be7 8.Bc2 O-O
9.a4 b6 10.d4 Re8 11.h3 Qc7 12.dxe5 Nxe5 13.Nxe5 dxe5 14.c4 Be6 15.Qe2 b5
16.axb5 Bxc4 17.b6 Bxe2 18.bxc7 Bc4 19.Na3 Be6 20.Ba4 Rf8 21.f4 Ra7 22.fxe5 Nd7
23.Bxd7 Bxd7 24.Bf4 Be6 25.Nb5 Rb7 26.Nd6 Rxc7 27.Rxa6 h6 28.Rea1 Rb8 29.Ra8 Rxa8
30.Rxa8+ Kh7 31.Nxf7 Rc8 32.Ra7 Bxf7 33.Rxe7 Bg6 34.Bd2 Bxe4 35.Bc3 Bd5 36.e6 Rg8
37.g4 Kg6 38.Kh2 h5 39.Kg3 hxg4 40.hxg4 Kg5 41.Bxg7 c4 42.Bc3 Be4 43.Rc7 Re8
44.Rc5+ Kg6 45.Re5 Bb7 46.Kh4 Rh8+ 47.Kg3 Bc8 48.Kf4 Re8 49.e7 Kf7 50.Bb4 Rh8
51.Rd5 Bb7 52.Rf5+  1-0